000 00815nam a2200217 i 4500
001 000029248
003 DO-SdBNP
005 20250130135429.0
007 ta
008 110414s1992 dr a 000 0 spa d
040 _aDO-SdBNP
_bspa
_cBNPHU
049 _aBNPD
082 4 _axxx
_bR462s
_222
110 1 _aRepública Dominicana.
_bSecretaría de Estado de Educación, Bellas Artes y Cultos
_923965
245 1 0 _aInstructivo sobre funciones de los directivos regionales para la aplicación
264 _aSanto Domingo :
_bSecretaría de Estado de Educación, Bellas Artes y Cultos,
_c1992.
300 _a43 páginas :
_bilustraciones ;
_c22 cm.
490 _aDocumento prueba nacional
_v13
500 _aComisión de pruebas nacinales SEEBAC/ADP/PUCMyM/UASD/INTEC/UNPHU/UCSD/UCE/UNCC/CNCP/PNUD
942 _2ddc
_cLF2
999 _c28740
_d28740